004310000a2200097000450024501290000004400130012904100140014270000440015610000280020077301050022810aSituación de los invertebrados acuáticos introducidos y transplantados en Colombiasantecedentes, efectos y perspectivas aColombia0 aEspañol1 aGutiérrez Bonilla, Francisco de Paula1 aAlvarez León, Ricardo1 tRevista de la Academia Colombiana de Ciencias Exactas, Físicas y Naturalesh121q557-574d2007g31